| 000 | 00831cam a2200241 a 4500 | ||
|---|---|---|---|
| 999 |
_c3050 _d3050 |
||
| 001 | 6469 | ||
| 003 | BD-DhUAP | ||
| 005 | 20210130095651.0 | ||
| 008 | 200301s1992 enka b 000 0 eng | ||
| 020 | _a0714827657 | ||
| 040 |
_aDLC _cDLC _dBD-DhUAP _bEng |
||
| 082 |
_223 _a720.973 BRA |
||
| 100 | 1 | _aBrawne, Michael. | |
| 245 | 1 | 0 |
_aMuseum fur Kunsthandwerk : Richard Meier / _cMichael Brawne. |
| 260 |
_aLondon : _bPhaidon Press, _cc1992. |
||
| 300 |
_a60 pages : _billustrations ; _c30 cm. |
||
| 490 | _aArchitecture in detail | ||
| 504 | _aIncludes bibliographical references (p. [58-59]). | ||
| 600 | 1 | 0 |
_aMeier, Richard, _d1934- _xCriticism and interpretation. |
| 650 | 0 |
_aArt museum architecture _zGermany _zFrankfurt am Main. |
|
| 650 | 0 |
_aArchitecture _zGermany _zFrankfurt am Main _xHistory _y20th century. |
|
| 942 |
_2ddc _cBK |
||